| 000 | 00000nam##2200000za#4500 |
| 001 | 9.597995 |
| 003 | CaOODSP |
| 005 | 20210624204323 |
| 007 | cr ||||||||||| |
| 008 | 150406|1999||||xxc|||||o f|0| 0 fre|d |
| 040 | |aCaOODSP|bfre |
| 043 | |an-cn--- |
| 086 | 1 |aTU3-5/99-23F-PDF |
| 110 | 2 |aBureau de la sécurité des transports du Canada. |
| 245 | 10|aPerte de maîtrise et collision avec le terrain - Mooney M-20F C-GGIK 2 nm au sud-est de St. Andrews (Manitoba), le 11 juillet 1999 |h[ressource électronique] |
| 260 | |aGatineau - Québec : |bBureau de la sécurité des transports du Canada |c[2000]. |
| 300 | |a8p. |
| 490 | 1 |aRapport d'enquête aéronautique |vA99C0157 |
| 590 | |a10-10-Supp|b2010-11-09 |
| 775 | 08|tLoss of control / Collision with terrain - Mooney M-20F C-GGIK, St. Andrews, Manitoba 2 nm SE, 11 July 1999 |w(CaOODSP)9.566524 |
| 830 | #0|aRapport d'enquête aéronautique ;|vA99C0157|w(CaOODSP)9.501229 |
| 856 | 40|ahttp://publications.gc.ca|qPDF|s41 Ko|uhttps://publications.gc.ca/collections/collection_2009/bst-tsb/TU3-5-99-23F.pdf|yA99C0157 |